1935 1876 1141 1609 1631 1566 1565 1639 1525 1205 1325 1106 1248 1371 1499 1603 1928 1641 1598 1538 1346 1337 1224 1755 1913 1886 1451 1228 1668 1543 1140 1601 1624 1136 1492 1451 1779 1748 1765 1752 1463 1916 1630 1615 1744 1464 1304 1953 1306 1150 1764 1635 1389 1545 1887 1832 1935 1264 1892 1862 1036 1519 1390 1268 1560 1494 1019 1867 1512 1563 1709 1748 1142 1208 1892 1669 1397 1269 1660 1484 1957 1544 1107 1384 1822 1017 1341 1175 1779 1517 1454 1598 1374 1638 1405 1253 1099 1337 1207 BCNSPRNW ULIB Ver.6.0+V

เปลี่ยนเป็นภาษาไทย

Change to English
 แสดงรายละเอียดบรรณานุกรม
  กลับหน้าหลัก

Brief Record : Get Marc (ISO 2709) : E-mail record : QR code < ปิดหน้าต่าง
LEADER : 00000nam 2200000uu 4500
001    13399113536
003     ULIB
008    111124s2545||||th 000 0 tha d
020    ^a9742945489
060  0 ^aWA^bก344ส 2545
110 1  ^aสำนักงานปลัดกระทรวงสาธารณสุข.^bกองการพยาบาล
245 00 ^aสรุปผลการดำเนินงานกองการพยาบาล/^cกองการพยาบาล สำนักงานปลัดกระทรวงสาธารณสุข
260    ^aสำนักงานปลัดกระทรวงสาธารณสุข,^c2545
300    ^a60 หน้า
650  7 ^aยุทธศาสตร์การพัฒนาสาธารณสุข
945    ^p0^l0^i10410
945    ^p0^l0^i10411
945    ^p0^l0^i10412
995    ^aกัณชพร
999    ^aใช้งานได้ทุกระบบ
รายการนี้ยังไม่มีแท็ก
คุณยังไม่ได้ล็อกอิน คุณสามารถมีกิจกรรมร่วมกับเว็บไซต์ได้ แต่ต้องล็อกอินก่อน ::
  ล็อกอิน

รายการสื่อสารสนเทศ

ลำดับที่ ประเภท เลขเรียก/บาร์โค้ด สถานที่ สถานะ
- ไม่พบข้อมูล -

BibComment


ยังไม่เคยถูกคอมเมนท์

คอมเมนท์ทรัพยากรรายการนี้
  คอมเมนท์: สรุปผลการดำเนินง..


 Copyright 2026. Bcnsprnw @Library